| 000 | 00385cam a22001217a 4500 | ||
|---|---|---|---|
| 008 | 180718b1977 xxu||||| |||| 00| 0 eng d | ||
| 082 | _aF5064x54 P759 | ||
| 245 |
_aPolitical events annual 1975: national and international affairs _cedited by S.L. Shakdhar |
||
| 260 |
_aNew Delhi _bSterling _c1977 |
||
| 300 | _a575p. | ||
| 650 | _aIndia - Politics - Yearbooks | ||
| 700 | _aShakdhar, S.L. | ||
| 999 |
_c351337 _d351337 |
||